00577nam a2200169Ia 4500008004100000100003100041245007600072245003100148260005900179260000900238300000900247650001800256650001500274856002600289999001900315952007300334170221s9999 xx 000 0 und d aHasan Gürkan Rengin Ozan aFeminist cinema as counter cinema: Is feminist cinema counter cinema?  cHasan Gürkan Rengin Ozan bOnline Journal of Communication and Media Technologies c2013 a13 : xCommunication xMedia Arts uhttp://www.ojcmt.net/ c308928d308928 001040aCLbCLd2017-02-21l0r2017-02-21 00:00:00w2017-02-21yFOJ